Word Ladder: Lannister Quiz Stats

 Plays Quiz Updated Jul 23, 2017

Support Sporcle.
Go Orange.
Score 0/19 Timer 02:00
1 Play Today
Clue 4-Letter Word % Correct
Agent 007BOND
92.9%
Where to store moneyBANK
92.6%
• Color of the Lannister's Sigil ••GOLD•
89.3%
Musical ensembleBAND
87.6%
Like a darkened fontBOLD
86.8%
Adversary of 'Evil'GOOD
86.7%
Major, Lieutenant or Captain, e.g.RANK
86.5%
Celestial objectMOON
80.9%
Emotional stateMOOD
79.7%
Crazy personLOON
78.5%
Clue 4-Letter Word % Correct
• Lannister Castle: Casterly ___•ROCK•
77.6%
Part of a houseROOM
74.1%
Stroll without destinationROAM
72.4%
Cousin of raven or crowROOK
69%
Storage spaceRACK
67.9%
• Lannister Motto: [Rung 1] me ___•ROAR•
66.8%
• Lannister Motto: ___ me [Rung 3] ••HEAR•
65.6%
BehindREAR
65%
• Lannister's Sigil ••LION•
59.6%

Today's Daily Dose

Word Ladder
New Dimensions!

Quick Pick
'Animal' Fish

Get the Picture
Bird or Food?

You're not logged in!

Compare scores with friends on all Sporcle quizzes.
OR
Log In
Forgot?

From the Vault

Canstruction: TV Characters

by sproutcm

Someone clearly has a lot of time on their hands.
Remove Ads.
Support Sporcle.
Get the best of Sporcle when you Go Orange. This ad-free experience offers more features, more stats, and more fun while also helping to support Sporcle. Thank you for becoming a member.

Show Comments

Extras

Top Quizzes Today


Score Distribution

Your Account Isn't Verified!

In order to create a playlist on Sporcle, you need to verify the email address you used during registration. Go to your Sporcle Settings to finish the process.

Report this User

Report this user for behavior that violates our Community Guidelines.

Details: